| 000 | 01431cad a22002415a 4500 | ||
|---|---|---|---|
| 001 | E148019 | ||
| 008 | 090714e20090714xxkd f s 000 0 eng d | ||
| 035 | _a(Sirsi) u148019 | ||
| 041 | 0 | _aeng | |
| 050 | 0 | 4 | _a333.33 $2 18 |
| 110 | 2 |
_aRoyal Institution of Chartered Surveyors _94900 |
|
| 245 | 0 | 0 |
_aRICS housing market survey United Kingdom _bJune 2009 _h[electronic resource] |
| 260 |
_aLondon _bRICS _c2009 |
||
| 490 |
_aRICS Housing Market Survey United Kingdom _vJune 2009 |
||
| 520 | _aReports that the new instructions net balance remained marginally in negative territory in June: this has been reflected in a further fall in the stock of property on surveyors' books. Buyer enquiries increased again, leading to another jump in the number of newly agreed sales. Price expectations turned positive in June for the first time since May 2007, and the seasonally adjusted net balance of surveyors reporting falling rather than rising prices improved from -43.8 in May to -18.1 in June. Although the balance remains negative, it is the highest reading since September 2007. | ||
| 521 | _aAdvanced | ||
| 590 | _aKA | ||
| 650 | 2 | 4 | _aRICS HOUSING MARKET SURVEY UNITED KINGDOM |
| 651 | 4 |
_aUnited Kingdom _y |
|
| 690 | _aPROPERTY-RESIDENTIAL PROPERTY-RESIDENTIAL PROPERTY MARKET | ||
| 856 | 4 | 0 |
_uhttps://www.rics.org/RICSWEB/getpage.aspx?p=746oifj1DUm9bl0mF_jZiw _zView the item free of charge at www.rics.org... |
| 942 | _n0 | ||
| 999 |
_c109844 _d109844 |
||